Normal view MARC view
  • Dr. Khalid Akhtar

Entry Personal Name

Number of records used in: 6

001 - CONTROL NUMBER

  • control field: 17455

003 - CONTROL NUMBER IDENTIFIER

  • control field: NUST

005 - DATE AND TIME OF LATEST TRANSACTION

  • control field: 20190712072744.0

008 - FIXED-LENGTH DATA ELEMENTS

  • fixed length control field: 190712|| aca||aabn | a|a d

040 ## - CATALOGING SOURCE

  • Original cataloging agency: NUST
  • Transcribing agency: NUST

100 ## - HEADING--PERSONAL NAME

  • Personal name: Dr. Khalid Akhtar

670 ## - SOURCE DATA FOUND

  • Source citation: Work cat.: (NUST): Shah, Suhail Ahmed 17454, Investing of tool management strategies for a flexible manufacturing System /, 2016.
© 2023 Central Library, National University of Sciences and Technology. All Rights Reserved.